LEADER 01000nam a2200253 u 4500 001 000000056319 003 CaOOAMICUS 005 20070226120448.0 008 010405s1954 fr af u000 u fre u 035 $a10871214 040 $aPUL(R)$bita 100 1 $aCristiani, Léon,$csac.,$d1879-$0(OLS)http://pul/name/3560 245 10$aActualité de Satan /$cL. Cristiani. 260 $a[Paris] :$bLes éditions du Centurion,$cstampa 1954. 300 $a168 p. , 4 p. di tav. :$bill. ;$c19 cm 490 1 $aLe poids du jour 650 4$aDemonio e demonologia.$0(OLS)http://pul/subject/747 830 3$aLe poids du jour.$0(OLS)http://pul/title/75323 850 $aPUL 852 $aPUL$W1$xSL Religione 1$y3$m65 M 23$j73890$nBK-PRI$b $qStampati$B73890$CPULBib$Z2$F73890 $H $81 941 1 $a8 961 $aINV: 53304 996 $6245$aActualité de Satan$9(OLS)http://pul/title/75322 996 $6260$a[Paris] :$bLes éditions du Centurion$9(OLS)http://pul/publisher/69197 LEADER 01134nam a2200289 a 4500 001 000000162696 003 CaOOAMICUS 005 20170918095659.0 008 170918s2017 it u000 u ita r 020 $a9788898134304* 032 $aLibriCat 040 $aPUL$bita 082 04$a195 100 1 $aGiletta, Giovanni.$0(OLS)http://pul/name/104415 245 10$aFilosofia hegeliana e religione. Osservazioni su Sebastiano Maturi / $cGiovanni Giletta. 260 $a[S.l.] :$bNatan,$c©2017. 300 $a82 p. ;$c24 cm. 504 $aBibliografia in nota. 650 4$aIdealismo$zItalia.$0(OLS)http://pul/subject/23983 850 $aPUL 852 $aPUL$W1$xDP2 Filosofia 3$y112$m195 GILGI 1$j186673$qDDC 21$B189917$CPULBib$Z2$F189917 $H130082 $81 941 1 $a9 996 $6020$a9788898134304*$9(OLS)http://pul/number/163091 996 $6082$a195$9(OLS)http://pul/classification/342 996 $6245$aFilosofia hegeliana e religione. Osservazioni su Sebastiano Maturi / $9(OLS)http://pul/title/202449 996 $6260$a[S.l.] :$bNatan$9(OLS)http://pul/publisher/86432